| 000 | 00430nam a2200169Ia 4500 | ||
|---|---|---|---|
| 003 | LK-CoDNM | ||
| 005 | 20230923100615.0 | ||
| 008 | 010623t1924 xxu||||| |||| 00| 1 eng d | ||
| 040 |
_aLK-CoDNM _dLK-CoDNM _eLK-CoDNM |
||
| 041 | _aeng | ||
| 080 | _a12 R4 | ||
| 100 | _aLagden,Godfrey. | ||
| 245 | _aThe native Races of the Empire | ||
| 260 |
_bW.Collins Sons CO _aLondon _c1924 |
||
| 300 | _bxxiv,377p,ill., 22 cm | ||
| 942 | _cBK | ||
| 999 |
_c92236 _d92236 |
||